Recent developments in real and harmonic analysis : in honor of Carlos Segovia /
Guardado en:
| Otros Autores: | , |
|---|---|
| Formato: | Libro |
| Idioma: | English |
| Publicado: |
Boston :
Brirkhäuser,
2009.
|
| Series: | Applied and numerical harmonic analysis (ANHA)
|
| Etiquetas: |
Agregar Etiqueta
Sin Etiquetas, Sea el primero en etiquetar este registro!
|
| LEADER | 01874cam a22002655a 4500 | ||
|---|---|---|---|
| 001 | MAT.inmabb006400 | ||
| 008 | 090831s2009####mau######b####000#0#eng## | ||
| 005 | 20130305105205.0 | ||
| 245 | 1 | 0 | |a Recent developments in real and harmonic analysis : |b in honor of Carlos Segovia / |c Carlos Cabrelli, José Luis Torrea, editors. |
| 260 | |a Boston : |b Brirkhäuser, |c 2009. | ||
| 300 | |a xxii, 193 p. : |b il. ; |c 24 cm. | ||
| 490 | 1 | |a Applied and numerical harmonic analysis | |
| 500 | |a Incluye fotografía de Carlos Segovia. | ||
| 500 | |a "Publications of Carlos Segovia", p. [xv]-xviii. | ||
| 504 | |a Incluye bibliografía e índices. | ||
| 505 | 0 | |a Roberto A. Macías and José L. Torrea, Carlos Segovia Fernández -- Hugo Aimar, Balls as subspaces of homogeneous type: on a construction due to R. Macías and C. Segovia -- Oscar Blasco, Some aspects of vector-valued singular integrals -- Aline Bonami and Justin Feuto, Products of functions in Hardy and Lipschitz or BMO spaces -- Liliana Forzani, Eleonor Harboure and Roberto Scotto, Harmonic analysis related to Hermite expansions -- Francisco Javier Martín-Reyes, Pedro Ortega [Pedro Ortega Salvador] and Alberto de la Torre, Weights for one-sided operators -- Luis A. Caffarelli and Aram L. Karakhanyan, Lectures on gas flow in porous media -- Sagun Chanillo and Juan J. Manfredi, Sharp global bounds for the Hessian on pseudo-Hermitian manifolds -- Carlos E. Kenig, Recent progress on the global well-posedness of the KPI equation -- Cristian E. Gutiérrez, On Monge-Ampère type equations and applications. | |
| 510 | 4 | |a MR, |c 2010i:42002 | |
| 020 | |a 9780817645311 | ||
| 700 | 1 | |a Cabrelli, Carlos. |4 edt | |
| 700 | 1 | |a Torrea, José Luis. |4 edt | |
| 830 | 0 | |a Applied and numerical harmonic analysis (ANHA) | |
| 084 | |a 42-06 |2 msc2000 | ||
| 010 | |a 2009936079 | ||
| 040 | |a DLC |c DLC | ||
| 859 | |h 42 |i R295 |p A-8633 |b BIB. MATEMATICA | ||
